Yoga : (Record no. 151119)

MARC details
000 -LEADER
fixed length control field 00672nam a22001817a 4500
005 - DATE AND TIME OF LATEST TRANSACTION
control field 20180412122638.0
010 ## - LCCN (DPL NO)
LC control number ENG-122612
020 ## - INTERNATIONAL STANDARD BOOK NUMBER
Terms of availability 495.00
International Standard Book Number 9789381952221
035 ## - SYSTEM CONTROL NUMBER
System control number EN-106144
037 ## - SOURCE OF ACQUISITION
Source of stock number/acquisition DBAD/PUB
082 ## - DEWEY DECIMAL CLASSIFICATION NUMBER
Classification number 613.7046
100 ## - MAIN ENTRY--PERSONAL NAME
Personal name Agarwal,Suresh Kumar
245 ## - TITLE STATEMENT
Title Yoga :
Statement of responsibility, etc by Suresh Kumar Agarwal [and] Sohan Raj Tater
Remainder of title for deaf and dumb persons /
260 ## - PUBLICATION, DISTRIBUTION, ETC. (IMPRINT)
Date of publication, distribution, etc 2017
Place of publication, distribution, etc Jaipur
Name of publisher, distributor, etc Khandelwal Publisher $ Distributors
270 ## - ADDRESS
Address 57, Ist Floor,Natani Bhawan.Mishra Rajaji Ka Rastra,Chandpole Bazar,
City Jaipur
Postal code 302001
Telephone number 011-40004330,9660660333
Electronic mail address kpdjpur@gmail.com
300 ## - PHYSICAL DESCRIPTION
Dimensions 22cm(Hb)
Extent 143P.
Other physical details ill.
942 ## - ADDED ENTRY ELEMENTS (KOHA)
Item type English Books
Source of classification or shelving scheme Dewey Decimal Classification
Call number suffix AGA
Classification part 613.7046
Holdings
Withdrawn status Lost status Not for loan Collection code Home library Current library Date acquired Source of acquisition Cost, normal purchase price Full call number Barcode Copy number Cost, replacement price Koha item type
    Not For Loan Non-fiction D.B.Act.Division Central Library 12/04/2018 DBAD/PUB 495.00 613.7046 AGA EN-106144 1 495.00 English Books

© Delhi Public Library
Hit Counter
free hit counter